Theatro critico universal, ó, Discursos varios en todo genero de materias, para desengaño de errores comunes

Detalles Bibliográficos
Autor principal: Feyjoo y Montenegro, Benito Jerónimo fray 1676-1764
Autor Corporativo: Real Compañía de Impresores y Libreros del Reino de España (ed.)
Formato: Libro
Lenguaje:Latin
Publicado: en Madrid 1778
Edición:Nueva impresion, en la qual ván puestas las addicciones del suplemento en sus lugares
Materias:
Colección:Banco de datos
Acervo:Biblioteca de la Congregación del Oratorio de San Felipe Neri de México. Iglesia La Profesa
Descripción Física:8 t. 4°
Tema general:Literatura española
Notas:Portada tipográfica con plecas y marca del impresor en grabado xilográfico. Texto a renglón seguido con notas a pie de página. Incluye cabeceras de título en grabado xilográfico. Incluye capitulares en grabado xilográfico. Cada tomo con portada y numeración propias. Año de los t. 6-7 publicados en 1778. Paginación: t. 6 XLVIII, 419 p.; t. 7 XLIV, 446 p. Encuadernación en piel sobre cartón (4871, 4872). Sello en tinta del Oratorio de San Felipe Neri de México. Biblioteca La Profesa, D.F. (4871, 4872)
LEADER 01711nam a22002170004500
035 |a 2588 
041 0 |a lat 
100 1 |a Feyjoo y Montenegro, Benito Jerónimo  |c fray  |d 1676-1764 
245 1 0 |a Theatro critico universal, ó, Discursos varios en todo genero de materias, para desengaño de errores comunes  |c escrito por el muy Ilustre Señor D. Fr. Benito Geronimo Feyjoó y Montenegro, maestro general del Orden de San Benito, del Consejo de S. M. etc. 
250 |a Nueva impresion, en la qual ván puestas las addicciones del suplemento en sus lugares 
260 |a en Madrid  |b por Andrés Ortega ; a costa de la Real Compañia de Impresores, y Libreros  |c 1778 
300 |a 8 t.  |c 4° 
500 |a Portada tipográfica con plecas y marca del impresor en grabado xilográfico. Texto a renglón seguido con notas a pie de página. Incluye cabeceras de título en grabado xilográfico. Incluye capitulares en grabado xilográfico. Cada tomo con portada y numeración propias. Año de los t. 6-7 publicados en 1778. Paginación: t. 6 XLVIII, 419 p.; t. 7 XLIV, 446 p. Encuadernación en piel sobre cartón (4871, 4872). Sello en tinta del Oratorio de San Felipe Neri de México. Biblioteca La Profesa, D.F. (4871, 4872) 
504 |a Índice de contenido y alfabético de las cosas notables 
650 1 0 |a Literatura española 
710 1 |a Real Compañía de Impresores y Libreros del Reino de España  |e ed. 
740 0 |a Discursos varios en todo genero de materias, para desengaño de errores comunes 
949 |a Iglesia La Profesa, Biblioteca t. 6 (4871); t. 7 (4872) 
942 |c PROFESA 
943 |g Biblioteca de la Congregación del Oratorio de San Felipe Neri de México. Iglesia La Profesa 
999 |c 949399  |d 949399